000
00343 a2200169 4500
001
191252
020
_a
040
_c
Magnum
100
_a
Miled, Cacá
240
1
0
_a
Tatá, a borboleta má
_l
por
245
1
0
_a
Tatá, a borboleta má
300
_a
44
362
0
_a
2014
440
1
_a
Jep
697
_a
LITERATURA JUVENIL
942
_c
BK
999
_c
191252
_d
191252